Y así fue creciendo ... la vida de la mujer pobladora /
Guardado en:
| Hovedforfatter: | |
|---|---|
| Andre forfattere: | , , |
| Format: | Ukendt |
| Sprog: | Spanish |
| Udgivet: |
Santiago de Chile :
Programa Interdisciplinario de Investigaciones en Educación, PIIE Academia Humanismo Cristiano
|
| Udgivelse: | 2 da. edición |
| Fag: | |
| Tags: |
Tilføj Tag
Ingen Tags, Vær først til at tagge denne postø!
|
MARC
| LEADER | 00000 a2200000 04500 | ||
|---|---|---|---|
| 001 | 49349 | ||
| 003 | |||
| 008 | 050605s19831985cl spa d | ||
| 040 | |||
| 020 | |a [sin ISBN] | ||
| 022 | |a [sin ISBN] | ||
| 100 | |a Magendzo, Salomón | ||
| 245 | |a Y así fue creciendo ... la vida de la mujer pobladora / |c Salomón Magendzo, |c Gabriela López, |c Cristina Larrain, |c María Inés Pascal | ||
| 250 | |a 2 da. edición | ||
| 260 | |a Santiago de Chile : |b Programa Interdisciplinario de Investigaciones en Educación, PIIE |b Academia Humanismo Cristiano | ||
| 300 | |a 339 páginas | ||
| 500 | |a Colección Alforja | ||
| 650 | |a MUJERES | ||
| 650 | |2 Macrotesauro de la OCDE | ||
| 650 | |a PARTICIPACION SOCIAL | ||
| 650 | |2 Macrotesauro de la OCDE | ||
| 650 | |a PARTICIPACION DE LA MUJER | ||
| 650 | |2 Macrotesauro de la OCDE | ||
| 650 | |a TRABAJO | ||
| 650 | |2 Macrotesauro de la OCDE | ||
| 650 | |a CESANTIA | ||
| 650 | |2 Lista unificada del CIDCACS | ||
| 650 | |a DESARROLLO SOCIAL | ||
| 650 | |2 Macrotesauro de la OCDE | ||
| 650 | |a DESARROLLO POLITICO | ||
| 650 | |2 Macrotesauro de la OCDE | ||
| 650 | |a CAMBIO POLITICO | ||
| 650 | |2 Macrotesauro del CIDCSO | ||
| 650 | |a CAMBIO SOCIAL | ||
| 650 | |2 Macrotesauro de la OCDE | ||
| 650 | |a ORGANIZACIONES POPULARES | ||
| 650 | |2 Macrotesauro del CIDCSO | ||
| 650 | |a HISTORIAS DE VIDA | ||
| 650 | |a ASPECTOS SOCIALES | ||
| 651 | |a Santiago de Chile | ||
| 700 | |a Lopez, Gabriela | ||
| 700 | |a Larrain, Cristina | ||
| 700 | |a Pascal, María Inés | ||
| 999 | |c 1200 |d 1200 | ||
